[Event "FRM-chT 30th"]
[Site "Struga"]
[Date "2022.10.18"]
[Round "5.1"]
[White "Simov, Saso"]
[Black "Nedev, Trajce"]
[Result "0-1"]
[WhiteElo "2174"]
[BlackElo "2475"]
[PlyCount "58"]
[EventDate "2022.10.14"]
[EventType "team-tourn"]
[EventRounds "7"]
[EventCountry "MKD"]
[SourceTitle "CBM 210 Extra"]
[Source "ChessBase"]
[SourceDate "2022.11.30"]
[SourceVersion "1"]
[SourceVersionDate "2022.11.30"]
[SourceQuality "1"]
[WhiteTeam "Kumanovo Fisher"]
[BlackTeam "Skopje Alkaloid"]
[WhiteTeamCountry "MKD"]
[BlackTeamCountry "MKD"]

1. d3 Nf6 2. g3 g6 3. Bg2 Bg7 4. Nf3 0-0 5. 0-0 d5 6. c3 a5 7. Qa4 Nbd7 8. Qh4 e5 9. Bh6 Re8 10. Ng5 Nf8 11. h3 Nh5 12. Bxg7 Kxg7 13. Nf3 Qxh4 14. Nxh4 e4 15. dxe4 dxe4 16. g4 Nf4 17. e3 Nxg2 18. Kxg2 h5 19. Kg3 hxg4 20. hxg4 Re5 21. Rg1 g5 22. Ng2 Nh7 23. Nd2 Nf6 24. f3 exf3 25. Kxf3 Bxg4+ 26. Kg3 Rd8 27. Nf3 Bxf3 28. Kxf3 Rd2 29. b4 Rf5+ 0-1

[Event "FRM-chT"]
[Site "Ohrid"]
[Date "2019.07.25"]
[Round "4.1"]
[White "Risteski, Emil"]
[Black "Nedev, Trajce"]
[Result "1/2-1/2"]
[WhiteElo "2150"]
[BlackElo "2495"]
[PlyCount "163"]
[EventDate "2019.07.22"]
[EventType "team-tourn"]
[EventRounds "7"]
[EventCountry "MKD"]
[SourceTitle "EXT 2020"]
[Source "ChessBase"]
[SourceDate "2019.10.17"]
[SourceVersion "1"]
[SourceVersionDate "2019.10.17"]
[SourceQuality "1"]
[WhiteTeam "Skopje MSK Centar"]
[BlackTeam "Skopje Alkaloid"]
[WhiteTeamCountry "MKD"]
[BlackTeamCountry "MKD"]

1. e4 c5 2. Nf3 Nc6 3. d4 cxd4 4. Nxd4 Nf6 5. Nc3 e5 6. Ndb5 d6 7. Bg5 a6 8. Na3 b5 9. Nd5 Be7 10. Bxf6 Bxf6 11. c3 Ne7 12. Nc2 Nxd5 13. Qxd5 Rb8 14. Ne3 0-0 15. Qd3 Bg5 16. Be2 b4 17. c4 Qb6 18. Nd5 Qc5 19. 0-0 Be6 20. b3 a5 21. Rad1 Ra8 22. Qg3 Bd8 23. Qe3 a4 24. Qd2 axb3 25. axb3 Ra3 26. Qxb4 Qxb4 27. Nxb4 Rxb3 28. Nc6 Rb2 29. Nxd8 Rxd8 30. Rfe1 Rd7 31. Rb1 Rdb7 32. Rxb2 Rxb2 33. Kf1 Kf8 34. Rc1 Ke7 35. f3 Kd7 36. c5 d5 37. exd5 Bxd5 38. Kf2 Kc6 39. Rc3 g5 40. Kf1 h5 41. g3 f6 42. Rc1 f5 43. Kf2 f4 44. gxf4 exf4 45. Ke1 Be6 46. Ra1 Ba2 47. Rc1 Bd5 48. Rc3 Rb1+ 49. Kf2 Rh1 50. Kg2 Ra1 51. Kf2 Ra2 52. Kf1 Be6 53. Ke1 Bd5 54. Kf1 Ra5 55. Kf2 Rxc5 56. Rxc5+ Kxc5 57. Bd3 Bf7 58. Be2 Kd4 59. Bd1 Ke5 60. Be2 Be6 61. Bf1 Kf6 62. h3 Ke5 63. Bg2 Bc4 64. Bh1 Kd4 65. Bg2 Kc3 66. Bh1 Kd2 67. Bg2 Bd5 68. Bf1 Be6 69. Bg2 Kd3 70. Bf1+ Kd4 71. Bg2 Bd5 72. Bf1 Bc4 73. Bg2 Bb5 74. Bh1 Kd3 75. Bg2 Kd2 76. Bh1 Bc6 77. Bg2 g4 78. fxg4 Bxg2 79. gxh5 Be4 80. h6 Kd3 81. h7 Bxh7 82. Kf3 1/2-1/2

[Event "GRE-chT 47th"]
[Site "Patras"]
[Date "2019.07.06"]
[Round "7.5"]
[White "Nedev, Trajce"]
[Black "Vallejo Pons, Francisco"]
[Result "1/2-1/2"]
[WhiteElo "2495"]
[BlackElo "2687"]
[PlyCount "60"]
[EventDate "2019.07.02"]
[EventType "team-swiss"]
[EventRounds "7"]
[EventCountry "GRE"]
[SourceTitle "CBM 191 Extra"]
[Source "ChessBase"]
[SourceDate "2019.09.30"]
[SourceVersion "1"]
[SourceVersionDate "2019.09.30"]
[SourceQuality "1"]
[WhiteTeam "Neapolis Sykeon"]
[BlackTeam "Chania OA"]
[WhiteTeamCountry "GRE"]
[BlackTeamCountry "GRE"]

1. e4 c5 2. Nf3 d6 3. d4 cxd4 4. Nxd4 Nf6 5. Nc3 Nc6 6. Bg5 e6 7. Qd2 a6 8. 0-0-0 Bd7 9. f3 b5 10. Nxc6 Bxc6 11. Ne2 h6 12. Be3 Qc7 13. Nd4 Bd7 14. g4 Rd8 15. Nb3 e5 16. Qf2 Rb8 17. h4 a5 18. Kb1 a4 19. Nc1 a3 20. bxa3 Ra8 21. Rd3 d5 22. exd5 e4 23. Bb6 Qb8 24. fxe4 Nxg4 25. Qg1 Bd6 26. Rb3 h5 27. Nd3 0-0 28. Bd4 Rc8 29. Be2 Ra4 30. Bxg4 Bxg4 1/2-1/2

[Event "GRE-chT 47th"]
[Site "Patras"]
[Date "2019.07.04"]
[Round "4.4"]
[White "David, Alberto"]
[Black "Nedev, Trajce"]
[Result "1/2-1/2"]
[WhiteElo "2553"]
[BlackElo "2495"]
[PlyCount "134"]
[EventDate "2019.07.02"]
[EventType "team-swiss"]
[EventRounds "7"]
[EventCountry "GRE"]
[SourceTitle "CBM 191 Extra"]
[Source "ChessBase"]
[SourceDate "2019.09.30"]
[SourceVersion "1"]
[SourceVersionDate "2019.09.30"]
[SourceQuality "1"]
[WhiteTeam "Chania SA"]
[BlackTeam "Neapolis Sykeon"]
[WhiteTeamCountry "GRE"]
[BlackTeamCountry "GRE"]

1. e4 c5 2. Nf3 Nc6 3. Bb5 g6 4. Bxc6 dxc6 5. d3 Bg7 6. h3 Nf6 7. Nc3 Nd7 8. Be3 e5 9. Qd2 h6 10. 0-0 b6 11. Nh2 Nf8 12. f4 exf4 13. Rxf4 Be6 14. Raf1 g5 15. R4f2 Qc7 16. b3 0-0-0 17. a4 a5 18. Ne2 Ng6 19. Qe1 Rhg8 20. Kh1 Bh8 21. Rg1 Nh4 22. g3 Ng6 23. g4 Nh4 24. Qf1 Be5 25. Nf3 Nxf3 26. Rxf3 h5 27. gxh5 f6 28. Qf2 Qh7 29. Ng3 Bxh3 30. Rxf6 Bxf6 31. Qxf6 Kb7 32. Bxg5 Rdf8 33. Qe7+ Qxe7 34. Bxe7 Rf2 35. Nf5 Bg2+ 36. Rxg2 Rgxg2 37. Bd6 Rg5 38. h6 Rfxf5 39. exf5 Rxf5 40. Kg2 Rf6 41. h7 Rh6 42. Kf3 Rxh7 43. Ke2 Rh6 44. Bf4 Rf6 45. Bd2 Rg6 46. Be3 Rg2+ 47. Kd1 Kc8 48. Kc1 Kd7 49. c4 Ke6 50. Bd2 Ke5 51. Bc3+ Kf4 52. d4 cxd4 53. Bxd4 c5 54. Bh8 Ke3 55. Be5 Kd3 56. Bh8 Rg8 57. Be5 Re8 58. Bf6 Re6 59. Bg7 b5 60. axb5 a4 61. bxa4 Kxc4 62. Bf8 Rf6 63. Be7 Rf7 64. Bd6 Rf6 65. Bc7 Rf1+ 66. Kd2 Ra1 67. b6 Rxa4 1/2-1/2

[Event "EU-ch rapid"]
[Site "Skopje"]
[Date "2018.12.08"]
[Round "3"]
[White "Nedev, Trajce"]
[Black "Saric, Ivan"]
[Result "0-1"]
[WhiteElo "2495"]
[BlackElo "2695"]
[PlyCount "72"]
[EventDate "2018.12.08"]
[EventType "swiss (rapid)"]
[EventRounds "13"]
[EventCountry "MKD"]
[SourceTitle "CBM 187 Extra"]
[Source "ChessBase"]
[SourceDate "2018.11.04"]
[SourceVersion "1"]
[SourceVersionDate "2018.11.04"]
[SourceQuality "1"]

1. e4 g6 2. d4 Bg7 3. Nc3 d6 4. Bg5 c6 5. Qd2 b5 6. f4 Nd7 7. Nf3 Ngf6 8. Bd3 0-0 9. 0-0 b4 10. Ne2 d5 11. e5 Ne4 12. Qxb4 Nxg5 13. Nxg5 Rb8 14. Qa3 Qb6 15. Qxe7 Rb7 16. Qd6 Re8 17. Qa3 c5 18. c4 h6 19. Nxf7 Kxf7 20. cxd5 cxd4 21. Kh1 Kg8 22. Rac1 Nf8 23. b3 g5 24. Rc6 Qb4 25. Qc1 Bg4 26. Rc4 Qa5 27. Rc5 Qxa2 28. Nxd4 gxf4 29. Qxf4 Bxe5 30. Qxg4+ Rg7 31. Rxf8+ Kxf8 32. Ne6+ Kg8 33. Qf3 Rf7 34. Qg4+ Kh8 35. Rc1 Qd2 36. Rd1 Qxd3 0-1

[Event "Olympiad-43"]
[Site "Batumi"]
[Date "2018.09.30"]
[Round "6.11"]
[White "Nedev, Trajce"]
[Black "Hovhannisyan, Robert"]
[Result "0-1"]
[WhiteElo "2496"]
[BlackElo "2621"]
[PlyCount "98"]
[EventDate "2018.09.24"]
[EventType "team-swiss"]
[EventRounds "11"]
[EventCountry "GEO"]
[SourceTitle "CBM 187"]
[Source "ChessBase"]
[SourceDate "2018.12.11"]
[SourceVersion "1"]
[SourceVersionDate "2018.12.11"]
[SourceQuality "1"]
[WhiteTeam "Macedonia"]
[BlackTeam "Armenia"]
[WhiteTeamCountry "MKD"]
[BlackTeamCountry "ARM"]

1. e4 e5 2. Nf3 Nc6 3. Bc4 Bc5 4. 0-0 Nf6 5. d3 0-0 6. Re1 d6 7. c3 h6 8. Nbd2 a5 9. Nf1 a4 10. Ng3 Bd7 11. d4 Bb6 12. h3 Re8 13. Bf1 a3 14. b3 d5 15. exd5 Nxd5 16. dxe5 Nxc3 17. Qd3 Nxa2 18. Rxa2 Nb4 19. Qb1 Nxa2 20. Qxa2 Bc6 21. Ne4 Ba5 22. Bd2 Bxd2 23. Nexd2 Qd7 24. Qc2 Bd5 25. Ra1 Red8 26. Qc5 b6 27. Qb4 Qe8 28. Qf4 Qe7 29. Qe3 a2 30. Qc3 Ra3 31. Bd3 Qc5 32. Qxc5 bxc5 33. Bc4 c6 34. Kf1 Rda8 35. Ne1 Bxc4+ 36. bxc4 Re8 37. Nc2 Ra4 38. f4 g5 39. g3 Kf8 40. Kf2 Raa8 41. Ne1 Reb8 42. Ke2 Ra3 43. Nef3 Rb2 44. Kd1 Rxf3 45. Kc1 Rxd2 46. Kxd2 Rxg3 47. fxg5 hxg5 48. Kc2 Ra3 49. Kb2 Ra7 0-1

[Event "Olympiad-43"]
[Site "Batumi"]
[Date "2018.09.27"]
[Round "4.28"]
[White "Rodi, Luis Ernesto"]
[Black "Nedev, Trajce"]
[Result "0-1"]
[WhiteElo "2308"]
[BlackElo "2496"]
[PlyCount "134"]
[EventDate "2018.09.24"]
[EventType "team-swiss"]
[EventRounds "11"]
[EventCountry "GEO"]
[SourceTitle "CBM 187"]
[Source "ChessBase"]
[SourceDate "2018.12.11"]
[SourceVersion "1"]
[SourceVersionDate "2018.12.11"]
[SourceQuality "1"]
[WhiteTeam "Uruguay"]
[BlackTeam "Macedonia"]
[WhiteTeamCountry "URU"]
[BlackTeamCountry "MKD"]

1. e4 c5 2. Nf3 Nc6 3. d4 cxd4 4. Nxd4 Nf6 5. Nc3 e5 6. Ndb5 d6 7. Bg5 a6 8. Na3 b5 9. Nd5 Be7 10. Bxf6 Bxf6 11. c3 Bg5 12. Nc2 Ne7 13. Ncb4 0-0 14. Nxe7+ Qxe7 15. Nd5 Qb7 16. h4 Bd8 17. g3 Be6 18. Bg2 Bxd5 19. Qxd5 Qxd5 20. exd5 a5 21. Bf1 b4 22. Bb5 Rb8 23. c4 Bb6 24. Rc1 f5 25. 0-0 Bd4 26. b3 Rb7 27. Kg2 e4 28. f3 e3 29. f4 Re7 30. Rc2 g6 31. Kf3 h6 32. Re2 Kg7 33. Rd1 Bc5 34. Bc6 Kf6 35. Rh1 Rg8 36. Bb5 Reg7 37. Reh2 Re7 38. Re2 Rgg7 39. Bc6 Re4 40. Bb5 Ke7 41. Bc6 Kd8 42. Bb5 Kc7 43. Bc6 Kb6 44. Bb5 Bd4 45. Ba4 Kc5 46. Bb5 Rge7 47. Bc6 Bc3 48. Ba4 Kd4 49. Bb5 h5 50. Rb1 Bd2 51. Bc6 Rc7 52. Ba4 Kc3 53. Rg1 Kb2 54. g4 hxg4+ 55. Rxg4 Rh7 56. Rxg6 Rxh4 57. c5 Rhxf4+ 58. Kg3 dxc5 59. d6 Rg4+ 60. Rxg4 fxg4 61. d7 Rd4 62. Bb5 Kxa2 63. Rh2 Kxb3 64. Rh8 e2 65. Bxe2 Rxd7 66. Ra8 Be1+ 67. Kxg4 a4 0-1

[Event "GRE-chT 46th"]
[Site "Rio Achaia"]
[Date "2018.07.10"]
[Round "1.1"]
[White "Almasi, Zoltan"]
[Black "Nedev, Trajce"]
[Result "1-0"]
[WhiteElo "2699"]
[BlackElo "2490"]
[PlyCount "93"]
[EventDate "2018.07.10"]
[EventType "team"]
[EventRounds "7"]
[EventCountry "GRE"]
[SourceTitle "CBM 185 Extra"]
[Source "ChessBase"]
[SourceDate "2018.07.29"]
[SourceVersion "1"]
[SourceVersionDate "2018.07.29"]
[SourceQuality "1"]
[WhiteTeam "Nikaia Fysiolatris"]
[BlackTeam "Nepolis"]
[WhiteTeamCountry "GRE"]
[BlackTeamCountry "GRE"]

1. Nf3 Nf6 2. c4 g6 3. b3 Bg7 4. Bb2 c5 5. g3 d6 6. Bg2 e5 7. d3 0-0 8. 0-0 Nc6 9. Nc3 Rb8 10. a3 a6 11. Nd2 Be6 12. Nd5 Ne7 13. Nxf6+ Bxf6 14. b4 b5 15. Ne4 Bg7 16. cxb5 Rxb5 17. Qa4 cxb4 18. axb4 Nd5 19. Qxa6 Rb6 20. Qa5 Nxb4 21. Bc3 Nc6 22. Qa3 Rb3 23. Qa4 Qb6 24. Rfc1 d5 25. Nc5 Rb5 26. Nxe6 fxe6 27. e3 Rc5 28. Bh3 Kf7 29. Rab1 Qc7 30. Bd2 Rxc1+ 31. Rxc1 Rc8 32. e4 d4 33. f4 exf4 34. gxf4 Qd7 35. f5 exf5 36. exf5 Kg8 37. Rc5 Bf8 38. Rc2 Rc7 39. Qc4+ Kh8 40. Bf4 Bd6 41. Bxd6 Qxd6 42. Qe6 Qf4 43. f6 h5 44. Bg2 Ra7 45. Rf2 Ra1+ 46. Bf1 Qg5+ 47. Kh1 1-0

[Event "Skopje Karposh op"]
[Site "Skopje"]
[Date "2018.03.31"]
[Round "9"]
[White "Nedev, Trajce"]
[Black "Tomazini, Zan"]
[Result "1-0"]
[WhiteElo "2485"]
[BlackElo "2425"]
[PlyCount "82"]
[EventDate "2018.03.24"]
[EventType "swiss"]
[EventRounds "9"]
[EventCountry "MKD"]
[SourceTitle "CBM 183 Extra"]
[Source "ChessBase"]
[SourceDate "2018.04.19"]
[SourceVersion "1"]
[SourceVersionDate "2018.04.19"]
[SourceQuality "1"]

1. e4 c5 2. Nf3 d6 3. d4 cxd4 4. Nxd4 Nf6 5. Nc3 g6 6. Be3 a6 7. f3 b5 8. Qd2 Bb7 9. a3 Nbd7 10. 0-0-0 Rc8 11. Kb1 Bg7 12. g4 h6 13. h4 Ne5 14. h5 Nxf3 15. Nxf3 Nxe4 16. Nxe4 Bxe4 17. hxg6 Rxc2 18. gxf7+ Kxf7 19. Qxc2 Bxc2+ 20. Kxc2 Qc8+ 21. Kb1 b4 22. axb4 Qxg4 23. Rh4 Qg3 24. Be2 Bf6 25. Rhh1 Qg6+ 26. Bd3 Qg4 27. Nd4 Qg3 28. Bc4+ Ke8 29. Rhe1 Bxd4 30. Bxd4 e5 31. Bc3 Qf4 32. Bd5 Rf8 33. Rg1 Qf5+ 34. Ka2 Qf2 35. Rg7 Rf4 36. Rdg1 h5 37. Bc6+ Kd8 38. Rd7+ Kc8 39. Rgg7 Rg4 40. Rh7 Rg8 41. Ra7 Kd8 1-0

[Event "EU-chT (Men) 21st"]
[Site "Heraklion"]
[Date "2017.11.05"]
[Round "8.2"]
[White "Nedev, Trajce"]
[Black "Beukema, Stefan"]
[Result "1-0"]
[WhiteElo "2479"]
[BlackElo "2378"]
[PlyCount "57"]
[EventDate "2017.10.28"]
[EventType "team-swiss"]
[EventRounds "9"]
[EventCountry "GRE"]
[SourceTitle "CBM 182"]
[Source "ChessBase"]
[SourceDate "2018.01.17"]
[SourceVersion "1"]
[SourceVersionDate "2018.01.17"]
[SourceQuality "1"]
[WhiteTeam "Macedonia"]
[BlackTeam "Belgium"]
[WhiteTeamCountry "MKD"]
[BlackTeamCountry "BEL"]

1. e4 e5 2. Nf3 Nc6 3. Bc4 Bc5 4. 0-0 Nf6 5. d3 d6 6. c3 a6 7. Re1 Ba7 8. a4 Ne7 9. d4 Ng6 10. h3 Qe7 11. Be3 0-0 12. Nbd2 Be6 13. Bd3 Rfd8 14. Ng5 Bc8 15. Bc4 d5 16. exd5 Nxd5 17. Qh5 h6 18. Ngf3 exd4 19. Bg5 Qf8 20. Bxd8 Ndf4 21. Qa5 Qxd8 22. cxd4 Bxd4 23. Nxd4 Qxd4 24. Re8+ Kh7 25. Bxf7 Be6 26. Bxg6+ Kxg6 27. Rxa8 b6 28. Nf3 Qe4 29. Qe5 1-0

[Event "FRM-chT 16th"]
[Site "Ohrid"]
[Date "2017.07.25"]
[Round "2.2"]
[White "Nedev, Trajce"]
[Black "Kostadinovski, Zoran"]
[Result "1/2-1/2"]
[WhiteElo "2481"]
[BlackElo "1919"]
[PlyCount "54"]
[EventDate "2017.07.24"]
[EventType "team-tourn"]
[EventRounds "5"]
[EventCountry "MKD"]
[SourceTitle "CBM 179 Extra"]
[Source "ChessBase"]
[SourceDate "2017.08.23"]
[SourceVersion "1"]
[SourceVersionDate "2017.08.23"]
[SourceQuality "1"]
[WhiteTeam "Skopje Alkaloid"]
[BlackTeam "Bitola Noemvri"]
[WhiteTeamCountry "MKD"]
[BlackTeamCountry "MKD"]

1. e4 c5 2. Nf3 e6 3. Nc3 a6 4. d4 cxd4 5. Nxd4 Qc7 6. Bd3 Nf6 7. f4 d6 8. Qe2 Nbd7 9. Bd2 b5 10. 0-0 Bb7 11. Kh1 Be7 12. Rae1 Rd8 13. Nb3 Nc5 14. e5 Nfd7 15. exd6 Bxd6 16. Ne4 Nxe4 17. Ba5 Nb6 18. Bxe4 Bxe4 19. Qxe4 0-0 20. Rf3 Rb8 21. Rd1 Be7 22. Nd4 Rfd8 23. Rfd3 Bf6 24. a3 Qb7 25. Qxb7 Rxb7 26. b3 Rc8 27. Bxb6 Rxb6 1/2-1/2

[Event "GRE-chT 45th"]
[Site "Achaia"]
[Date "2017.07.06"]
[Round "5.3"]
[White "Warmerdam, Max"]
[Black "Nedev, Trajce"]
[Result "0-1"]
[WhiteElo "2357"]
[BlackElo "2481"]
[PlyCount "92"]
[EventDate "2017.07.03"]
[EventType "team-swiss"]
[EventRounds "7"]
[EventCountry "GRE"]
[SourceTitle "CBM 179 Extra"]
[Source "ChessBase"]
[SourceDate "2017.08.23"]
[SourceVersion "1"]
[SourceVersionDate "2017.08.23"]
[SourceQuality "1"]
[WhiteTeam "Glyfadas Zenon"]
[BlackTeam "Sykeon Neapolis"]
[WhiteTeamCountry "GRE"]
[BlackTeamCountry "GRE"]

1. d4 Nf6 2. c4 g6 3. Nc3 Bg7 4. e4 d6 5. h3 0-0 6. Be3 e5 7. d5 Na6 8. Nf3 Nh5 9. Nd2 Qe8 10. a3 f5 11. exf5 gxf5 12. Be2 Nf6 13. f4 exf4 14. Bxf4 Nh5 15. Bh2 Nc5 16. 0-0 Qe3+ 17. Kh1 Ng3+ 18. Bxg3 Qxg3 19. Rf3 Qg6 20. Qc2 Nd7 21. Raf1 Ne5 22. R3f2 a6 23. Nf3 Qh6 24. Nxe5 dxe5 25. c5 Bd7 26. Bc4 Kh8 27. c6 bxc6 28. dxc6 Bxc6 29. Bd5 Bxd5 30. Nxd5 Qd6 31. Rd1 e4 32. Nxc7 Qg3 33. Nxa8 Be5 34. Kg1 e3 35. Rxf5 Qh2+ 36. Kf1 Qh1+ 37. Ke2 Qxg2+ 38. Kxe3 Qxc2 39. Rxf8+ Kg7 40. Rfd8 Qxb2 41. Ke4 Qe2+ 42. Kf5 Bg3 43. R8d7+ Kh6 44. R1d5 Qf3+ 45. Ke6 Kg6 46. Rd3 Qe4# 0-1

[Event "Olympiad-42"]
[Site "Baku"]
[Date "2016.09.13"]
[Round "11.1"]
[White "Predojevic, Borki"]
[Black "Nedev, Trajce"]
[Result "1/2-1/2"]
[WhiteElo "2642"]
[BlackElo "2484"]
[PlyCount "64"]
[EventDate "2016.09.02"]
[EventType "team-swiss"]
[EventRounds "11"]
[EventCountry "AZE"]
[SourceTitle "CBM 175"]
[Source "ChessBase"]
[SourceDate "2016.11.10"]
[SourceVersion "1"]
[SourceVersionDate "2016.11.10"]
[SourceQuality "1"]
[WhiteTeam "Bosnia&Herzegovina"]
[BlackTeam "Macedonia"]
[WhiteTeamCountry "BIH"]
[BlackTeamCountry "MKD"]

1. e4 c5 2. Nc3 Nc6 3. Bb5 Nd4 4. Nf3 e6 5. 0-0 a6 6. Bd3 Nc6 7. Be2 Qb6 8. a4 Nf6 9. a5 Qc7 10. d4 cxd4 11. Nxd4 Bb4 12. Nxc6 bxc6 13. Qd4 Bd6 14. f4 e5 15. Qf2 exf4 16. Bxf4 Bxf4 17. Qxf4 Qxf4 18. Rxf4 d6 19. e5 dxe5 20. Rc4 Bb7 21. Na4 0-0-0 22. Nc5 Nd5 23. Ra3 Kc7 24. Bf3 Bc8 25. Rb3 f5 26. Bxd5 Rxd5 27. Rb6 Rd6 28. Nxa6+ Bxa6 29. Rxa6 Rb8 30. Ra7+ Rb7 31. Rxb7+ Kxb7 32. Rc5 Rd5 1/2-1/2